00681nam a2200205 i 450000100060000000300090000600500170001500700030003200800410003510000280007624500530010425000150015726000560017230000220022849000250025083000300027585200320030599900170033795201210035456672ES-MaACL20250710062722.0t|031010s1953 fr ||||1| fre d1 aDiole, Philippe.94484912aL'Exploration sousmarine / cpar Philippe Diole. a[1er ed.]. aParis : bPresses Universitaires de France, c1953. a119 p. ; c18 cm.1 aQue sais-je? ; v58900aQue sais-je?v5899180931 aES-MaACLjC-15617 bR.43455 c56672d56672 00104070aATENEOMbATENEOMcFICHd2008-01-17eSCl0oC-15617p1059513r2023-02-23 00:00:00w2023-02-23yMONOGRAFIA